Statistiques concernant En 2023, combien de temps en voiture pour aller de Paris à...

Cliquez ici pour prendre le quiz!

Statistiques générales

  • Ce quiz a été pris 45 fois
  • Le résultat moyen est 5 sur 24

Statistiques - réponses

HintRéponse% Correct
NiceEntre 8h et 8h30
44%
OrléansEntre 1h30 et 2h
39%
Le MansEntre 2h et 2h30
39%
LilleEntre 2h et 2h30
36%
ReimsEntre 1h30 et 2h
33%
PerpignanEntre 7h et 7h30
31%
RouenEntre 1h30 et 2h
28%
MetzEntre 3h et 3h30
28%
CaenEntre 2h et 2h30
25%
RennesEntre 3h et 3h30
25%
DijonEntre 3h et 3h30
19%
BordeauxEntre 5h et 5h30
19%
BrestEntre 5h et 5h30
17%
AnnecyEntre 4h30 et 5h
14%
StrasbourgEntre 4h et 4h30
14%
NantesEntre 3h30 et 4h
11%
La RochelleEntre 4h et 4h30
11%
MontpellierEntre 6h30 et 7h
11%
MarseilleEntre 6h30 et 7h
8%
NîmesEntre 6h et 6h30
8%
ToulouseEntre 6h et 6h30
8%
Clermont-FerrandEntre 3h30 et 4h
6%
LyonEntre 4h et 4h30
6%
PauEntre 6h30 et 7h
0%

Distribution des résultats

Percentile par nombre de réponses

% des personnes avec chaque résultat

Votre développement - résultats

Vous n’avez pas pris ce quiz